[Event "TUR-chT 1st League"]
[Site "Denizli"]
[Date "2023.07.10"]
[Round "3.83"]
[White "Canbulan, Arda"]
[Black "Uysal, Ugur"]
[Result "0-1"]
[WhiteElo "1876"]
[BlackElo "1774"]
[PlyCount "104"]
[EventDate "2023.07.09"]
[EventType "team-swiss"]
[EventRounds "9"]
[EventCountry "TUR"]
[SourceTitle "CBM 215 Extra"]
[Source "ChessBase"]
[SourceDate "2023.09.30"]
[SourceVersion "1"]
[SourceVersionDate "2023.09.30"]
[SourceQuality "1"]
[WhiteTeam "Yalova Belediye"]
[BlackTeam "Ankara Demirspor"]
[WhiteTeamCountry "TUR"]
[BlackTeamCountry "TUR"]

1. e4 c5 2. c3 d5 3. exd5 Qxd5 4. d4 g6 5. Nf3 Bg7 6. Be2 cxd4 7. cxd4 Nf6 8. Nc3 Qd8 9. Ne5 0-0 10. 0-0 Nbd7 11. Bf3 Nb6 12. a4 a5 13. Bf4 Nfd5 14. Bg3 Nb4 15. Rc1 Bh6 16. Nb5 Bxc1 17. Qxc1 N6d5 18. Qh6 Bf5 19. h4 f6 20. h5 fxe5 21. Bxe5 Rf6 22. Nc3 e6 23. Ne4 Bxe4 24. Bxe4 Qf8 25. Qg5 Rf5 26. Qg3 Qf7 27. hxg6 Qxg6 28. Qh3 Qh5 29. Bxf5 Qxf5 30. g4 Qd3 31. Qh6 Qg6 32. Qxg6+ hxg6 33. Kg2 Nd3 34. Kf3 Nxe5+ 35. dxe5 Rc8 36. Kg3 g5 37. Rh1 Kg7 38. Rh5 Kg6 39. Rh1 Rc2 40. Rh8 Rxb2 41. Rg8+ Kh6 42. Rh8+ Kg7 43. Rh5 Kg6 44. Rh8 Nf4 45. Rg8+ Kh6 46. Rf8 Kg7 47. Rb8 Rb3+ 48. f3 Nd3 49. Ra8 Nxe5 50. Rxa5 Nxf3 51. Kf2 Kf6 52. Rc5 Ne5 0-1

[Event "TUR Cup"]
[Site "Adapazari"]
[Date "2022.03.30"]
[Round "8"]
[White "Canbulan, Arda"]
[Black "Isik, Alparslan"]
[Result "0-1"]
[WhiteElo "1889"]
[BlackElo "2348"]
[PlyCount "53"]
[EventDate "2022.03.25"]
[EventType "swiss"]
[EventRounds "11"]
[EventCountry "TUR"]
[SourceTitle "EXT 2023"]
[Source "ChessBase"]
[SourceDate "2022.10.05"]
[SourceVersion "1"]
[SourceVersionDate "2022.10.05"]
[SourceQuality "1"]

1. d4 Nf6 2. c4 e6 3. Nc3 Bb4 4. f3 d5 5. a3 Bxc3+ 6. bxc3 0-0 7. Bg5 c5 8. e3 Nc6 9. Nh3 cxd4 10. cxd4 e5 11. dxe5 Nxe5 12. cxd5 Bxh3 13. gxh3 Qa5+ 14. Kf2 Nxd5 15. f4 f6 16. Bh4 Ng6 17. Bc4 Rad8 18. Rb1 Kh8 19. Rb5 Nxe3 20. Rxa5 Nxd1+ 21. Kg3 Ne3 22. Be2 b6 23. Rb5 a6 24. Rxb6 Nf5+ 25. Kg4 Ngxh4 26. Bxa6 g6 27. Ra1 0-1

[Event "TUR Cup"]
[Site "Adapazari"]
[Date "2022.03.29"]
[Round "7"]
[White "Canbulan, Arda"]
[Black "Gunduz, Umut Erdem"]
[Result "1/2-1/2"]
[WhiteElo "1889"]
[BlackElo "2349"]
[PlyCount "89"]
[EventDate "2022.03.25"]
[EventType "swiss"]
[EventRounds "11"]
[EventCountry "TUR"]
[SourceTitle "EXT 2023"]
[Source "ChessBase"]
[SourceDate "2022.10.05"]
[SourceVersion "1"]
[SourceVersionDate "2022.10.05"]
[SourceQuality "1"]

1. e4 e5 2. Nf3 Nc6 3. d4 exd4 4. Nxd4 Bc5 5. Be3 Qf6 6. c3 Nge7 7. Bc4 0-0 8. Nxc6 Qxc6 9. Bxc5 Qxc5 10. Qd4 Qg5 11. 0-0 d5 12. f4 Qg6 13. f5 Qg4 14. Bxd5 Bxf5 15. exf5 Qxd4+ 16. cxd4 Nxd5 17. Nc3 Rad8 18. Rfe1 Nxc3 19. bxc3 Rd6 20. Rab1 b6 21. Re3 Rfd8 22. Rb5 Kf8 23. Rbe5 Rd5 24. g4 Rxe5 25. Rxe5 f6 26. Re6 Re8 27. d5 Re7 28. c4 Ke8 29. Kf2 Kd7 30. Ke3 Re8 31. Kf4 h6 32. h4 Rh8 33. a3 Rh7 34. a4 Rh8 35. Kf3 a6 36. Kf4 b5 37. axb5 axb5 38. cxb5 Rb8 39. g5 hxg5+ 40. hxg5 Rxb5 41. gxf6 gxf6 42. Rxf6 Rxd5 43. Rf7+ Kd6 44. Rf6+ Kd7 45. Rf7+ 1/2-1/2

[Event "TUR Cup"]
[Site "Adapazari"]
[Date "2022.03.26"]
[Round "3"]
[White "Canbulan, Arda"]
[Black "Teke, Murat"]
[Result "1-0"]
[WhiteElo "1889"]
[BlackElo "1521"]
[PlyCount "93"]
[EventDate "2022.03.25"]
[EventType "swiss"]
[EventRounds "11"]
[EventCountry "TUR"]
[SourceTitle "EXT 2023"]
[Source "ChessBase"]
[SourceDate "2022.10.05"]
[SourceVersion "1"]
[SourceVersionDate "2022.10.05"]
[SourceQuality "1"]

1. e4 c5 2. Nf3 Nc6 3. d4 cxd4 4. Nxd4 d6 5. Nc3 Nf6 6. f3 g6 7. Be3 Bg7 8. Qd2 0-0 9. 0-0-0 a6 10. g4 Nxd4 11. Bxd4 Qa5 12. Kb1 Be6 13. Nd5 Qxd2 14. Nxe7+ Kh8 15. Rxd2 Rfe8 16. Bxf6 Bxf6 17. Nd5 Bxd5 18. Rxd5 Be5 19. h4 Kg7 20. Bd3 h6 21. c4 Rac8 22. Rc1 Bf4 23. Rc2 Rc5 24. b4 Rxd5 25. cxd5 Re7 26. Kb2 Kf6 27. Kb3 Ke5 28. Ka4 Be3 29. Rc8 Kf4 30. Be2 Bd4 31. Ka5 Ke3 32. Rc2 h5 33. gxh5 gxh5 34. a4 f5 35. exf5 Re5 36. Bxa6 bxa6 37. Kxa6 Rxf5 38. b5 Rf8 39. Kb7 Kd3 40. Rc1 Rxf3 41. a5 Ke4 42. b6 Kxd5 43. a6 Bxb6 44. Kxb6 Rb3+ 45. Kc7 Ke5 46. Ra1 d5 47. a7 1-0

[Event "TUR Cup"]
[Site "Adapazari"]
[Date "2022.03.26"]
[Round "2"]
[White "Topuz, Mirac Melih"]
[Black "Canbulan, Arda"]
[Result "1-0"]
[WhiteElo "1515"]
[BlackElo "1889"]
[PlyCount "103"]
[EventDate "2022.03.25"]
[EventType "swiss"]
[EventRounds "11"]
[EventCountry "TUR"]
[SourceTitle "EXT 2023"]
[Source "ChessBase"]
[SourceDate "2022.10.05"]
[SourceVersion "1"]
[SourceVersionDate "2022.10.05"]
[SourceQuality "1"]

1. e4 c5 2. Nf3 d6 3. c4 Nc6 4. d4 cxd4 5. Nxd4 g6 6. Nc3 Bg7 7. Be3 Nf6 8. Be2 0-0 9. 0-0 Bd7 10. h3 Nxd4 11. Bxd4 Bc6 12. Qd3 a5 13. Nd5 Bxd5 14. exd5 Nd7 15. Be3 a4 16. Rab1 Qc7 17. Rfc1 b6 18. b4 axb3 19. Qxb3 Rfb8 20. a4 Nc5 21. Bxc5 bxc5 22. Qc2 Qa5 23. Rb5 Rxb5 24. axb5 Qb4 25. Rb1 Ra1 26. Rxa1 Bxa1 27. Bf1 Bb2 28. Qe4 Be5 29. Qc2 h5 30. Qa2 h4 31. Qe2 f5 32. Qa2 Kf7 33. Qe2 Qc3 34. Kh1 Qc1 35. Qd3 Qf4 36. g3 Qxf2 37. Qe2 Qxg3 38. Qg2 Qe3 39. Qe2 Qc3 40. Qd3 Qc1 41. Qf3 Kf6 42. Kg2 Qd2+ 43. Qf2 Bc3 44. Be2 g5 45. Qf3 Bd4 46. Qh5 Kg7 47. Qf3 Qe1 48. Bf1 Kf6 49. b6 Qb1 50. Qh5 Qb2+ 51. Be2 Qb1 52. Qh8+ 1-0

[Event "TUR Cup"]
[Site "Antalya"]
[Date "2020.01.29"]
[Round "5"]
[White "Canbulan, Arda"]
[Black "Tinmaz, Kerem"]
[Result "1-0"]
[WhiteElo "1840"]
[BlackElo "1729"]
[PlyCount "130"]
[EventDate "2020.01.26"]
[EventType "swiss"]
[EventRounds "11"]
[EventCountry "TUR"]
[SourceTitle "CBM 194 Extra"]
[Source "ChessBase"]
[SourceDate "2020.03.31"]
[SourceVersion "1"]
[SourceVersionDate "2020.03.31"]
[SourceQuality "1"]

1. e4 c5 2. Nf3 e6 3. b3 Nc6 4. Bb2 d5 5. exd5 exd5 6. Bb5 Nf6 7. Qe2+ Be7 8. Ne5 Bd7 9. Nxd7 Qxd7 10. d4 cxd4 11. Bxd4 0-0 12. Bxc6 Qxc6 13. 0-0 Rfe8 14. Qd3 Rac8 15. Nc3 Red8 16. Rad1 Ne4 17. Nb5 Qxc2 18. Nxa7 Qxd3 19. Rxd3 Rc2 20. Re1 Bb4 21. Red1 Bc5 22. Bxc5 Rxc5 23. a4 Rc2 24. f3 Nf6 25. Nb5 Kf8 26. Nd4 Rc7 27. g4 g5 28. Kf2 Rdc8 29. Nb5 Rc2+ 30. R3d2 Ke7 31. Ke3 b6 32. Kd4 h6 33. Re1+ Kd7 34. Rde2 Rxe2 35. Rxe2 Rc1 36. Ke5 Ne8 37. Kxd5 Rb1 38. Kc4 Ng7 39. Rd2+ Ke6 40. Rd6+ Ke5 41. Rxb6 Ne6 42. a5 Rc1+ 43. Nc3 Nc7 44. Kb4 Ra1 45. Rc6 Ne6 46. a6 Kf4 47. Na4 Rd1 48. a7 Rd8 49. Nb6 Nd4 50. Rc4 Ke3 51. a8Q Rxa8 52. Nxa8 Nxb3 53. Rc3+ Kf2 54. Kxb3 Kg2 55. Nb6 Kxh2 56. Nd7 Kg3 57. Ne5 f6 58. Nd7 Kh4 59. Nxf6 Kg3 60. Kc2 Kh4 61. Kd2 Kg3 62. Ke3 Kh4 63. Kf2 Kh3 64. Nh5 Kh4 65. Rc1 Kh3 1-0

[Event "TUR Cup"]
[Site "Antalya"]
[Date "2020.01.28"]
[Round "4"]
[White "Yilmaz, Serkan"]
[Black "Canbulan, Arda"]
[Result "1-0"]
[WhiteElo "1602"]
[BlackElo "1840"]
[PlyCount "59"]
[EventDate "2020.01.26"]
[EventType "swiss"]
[EventRounds "11"]
[EventCountry "TUR"]
[SourceTitle "CBM 194 Extra"]
[Source "ChessBase"]
[SourceDate "2020.03.31"]
[SourceVersion "1"]
[SourceVersionDate "2020.03.31"]
[SourceQuality "1"]

1. e4 e5 2. Nf3 Nc6 3. d4 exd4 4. Nxd4 Qh4 5. Nc3 Bb4 6. Qd3 Nf6 7. Nxc6 dxc6 8. Bd2 Bxc3 9. Bxc3 0-0 10. Bxf6 Qxf6 11. Be2 Qxb2 12. 0-0 b6 13. f4 Qf6 14. e5 Qf5 15. Qc3 Bb7 16. Bd3 Qe6 17. f5 Qd5 18. Rae1 Rad8 19. Rf4 c5 20. Rg4 h5 21. Rg5 Qd4+ 22. Qxd4 Rxd4 23. Re3 Re8 24. Rxh5 Rg4 25. Reh3 Kf8 26. Rh8+ Ke7 27. f6+ gxf6 28. exf6+ Kd8 29. Rxe8+ Kxe8 30. Rh8+ 1-0

[Event "TUR-chT 1st League"]
[Site "Konya"]
[Date "2019.07.26"]
[Round "7.6"]
[White "Tuna, Alp"]
[Black "Canbulan, Arda"]
[Result "1-0"]
[WhiteElo "2208"]
[BlackElo "1804"]
[PlyCount "63"]
[EventDate "2019.07.22"]
[EventType "team-swiss"]
[EventRounds "9"]
[EventCountry "TUR"]
[SourceTitle "CBM 191 Extra"]
[Source "ChessBase"]
[SourceDate "2019.09.30"]
[SourceVersion "1"]
[SourceVersionDate "2019.09.30"]
[SourceQuality "1"]
[WhiteTeam "Bogazici Universitesi"]
[BlackTeam "Yalova Belediye"]
[WhiteTeamCountry "TUR"]
[BlackTeamCountry "TUR"]

1. Nf3 c5 2. c4 Nc6 3. d4 cxd4 4. Nxd4 Nf6 5. Nc3 g6 6. g3 Bg7 7. Bg2 Nxd4 8. Qxd4 0-0 9. 0-0 d6 10. Qd3 a6 11. Bd2 Qc7 12. Rac1 Be6 13. b3 Qd7 14. Rfd1 Rfc8 15. e4 Rc5 16. Be3 Rh5 17. f3 Bh6 18. Bxh6 Rxh6 19. e5 Ne8 20. exd6 exd6 21. Ne4 Rh5 22. Nxd6 Qxd6 23. Qxd6 Nxd6 24. Rxd6 Rc5 25. Bf1 Rac8 26. a4 R8c7 27. Rcd1 b5 28. cxb5 axb5 29. axb5 Bxb3 30. b6 Rb7 31. Ba6 Rb8 32. Rd8+ 1-0

[Event "TUR-chT 1st League"]
[Site "Konya"]
[Date "2019.07.22"]
[Round "1.1"]
[White "Canbulan, Arda"]
[Black "Gokerkan, Cem Kaan"]
[Result "0-1"]
[WhiteElo "1804"]
[BlackElo "2415"]
[PlyCount "60"]
[EventDate "2019.07.22"]
[EventType "team-swiss"]
[EventRounds "9"]
[EventCountry "TUR"]
[SourceTitle "CBM 191 Extra"]
[Source "ChessBase"]
[SourceDate "2019.09.30"]
[SourceVersion "1"]
[SourceVersionDate "2019.09.30"]
[SourceQuality "1"]
[WhiteTeam "Yalova Belediye"]
[BlackTeam "Bayegan Pendik"]
[WhiteTeamCountry "TUR"]
[BlackTeamCountry "TUR"]

1. e4 c5 2. Nf3 Nc6 3. d4 cxd4 4. Nxd4 g6 5. Be3 Nf6 6. Nc3 Bg7 7. Be2 0-0 8. 0-0 d6 9. f4 Qb6 10. Qd3 Qxb2 11. a3 Nxe4 12. Na4 Nc5 13. Nxb2 Nxd3 14. Nxc6 Nxb2 15. Nxe7+ Kh8 16. Rab1 Re8 17. Nd5 Bf5 18. Bb5 Red8 19. Bc1 Be4 20. Ne3 a6 21. Rxb2 axb5 22. Rxb5 d5 23. Rxb7 d4 24. Re7 Re8 25. Rxe8+ Rxe8 26. Nc4 Bxc2 27. Ne5 Kg8 28. Rf2 d3 29. Rd2 Bxe5 30. fxe5 Rb8 0-1

[Event "TUR Cup"]
[Site "Antalya"]
[Date "2019.01.30"]
[Round "5"]
[White "Canbulan, Arda"]
[Black "Dinc, Melih"]
[Result "1-0"]
[WhiteElo "1884"]
[BlackElo "1729"]
[PlyCount "79"]
[EventDate "2019.01.27"]
[EventType "swiss"]
[EventRounds "11"]
[EventCountry "TUR"]
[SourceTitle "CBM 188 Extra"]
[Source "ChessBase"]
[SourceDate "2019.02.26"]
[SourceVersion "1"]
[SourceVersionDate "2019.02.26"]
[SourceQuality "1"]

1. e4 c6 2. d4 d5 3. Nd2 dxe4 4. Nxe4 Nf6 5. Nxf6+ exf6 6. c3 Bd6 7. Bd3 Be6 8. Ne2 Qc7 9. Qc2 Nd7 10. c4 b6 11. Be3 g6 12. Nc3 Rc8 13. Qe2 Bb4 14. Rc1 0-0 15. 0-0 Bxc3 16. Rxc3 Qb8 17. Qf3 f5 18. Bf4 Qa8 19. Rd1 f6 20. Bc2 Bf7 21. Bh6 Rfd8 22. Bxf5 gxf5 23. Qxf5 Bg6 24. Qe6+ Kh8 25. Qe7 Rg8 26. Qxd7 Rcd8 27. Qe7 Rdf8 28. Bxf8 Rxf8 29. Re3 Kg8 30. Qe6+ Kg7 31. Qd7+ Rf7 32. Re7 Qf8 33. Rde1 Kg8 34. Qe6 Kg7 35. Rxf7+ Bxf7 36. Qe7 Qb8 37. Re3 Kg8 38. Rg3+ Bg6 39. Qxf6 Qe8 40. Re3 1-0

[Event "Kesan op 16th"]
[Site "Kesan"]
[Date "2018.08.14"]
[Round "5"]
[White "Kazimova, Narmin Nizami Qizi"]
[Black "Canbulan, Arda"]
[Result "1-0"]
[WhiteElo "2270"]
[BlackElo "1891"]
[PlyCount "113"]
[EventDate "2018.08.12"]
[EventType "swiss"]
[EventRounds "9"]
[EventCountry "TUR"]
[SourceTitle "CBM 186 Extra"]
[Source "ChessBase"]
[SourceDate "2018.08.24"]
[SourceVersion "1"]
[SourceVersionDate "2018.08.24"]
[SourceQuality "1"]

1. Nf3 d5 2. d4 Nf6 3. c4 e6 4. Nc3 Nbd7 5. Bf4 c6 6. e3 Bb4 7. Qc2 Qa5 8. Nd2 0-0 9. Bd3 Re8 10. cxd5 exd5 11. 0-0 h6 12. a3 Bf8 13. b4 Qd8 14. h3 g5 15. Bg3 Bg7 16. Rad1 Nf8 17. e4 dxe4 18. Ndxe4 Nd5 19. Nxd5 cxd5 20. Nd6 Re7 21. Rfe1 Be6 22. Qe2 Ng6 23. Bxg6 fxg6 24. Nxb7 Qb6 25. Nc5 Rae8 26. Be5 Bf5 27. Qa2 Qd8 28. Qa1 g4 29. hxg4 Bxg4 30. Rd3 h5 31. Rde3 Bh6 32. f4 Kh7 33. Nd3 Qc8 34. Nf2 Bf5 35. Rc3 Qa6 36. Rec1 Qe2 37. a4 Qd2 38. Rd1 Qe2 39. Re1 Qd2 40. Rd1 Qe2 41. b5 g5 42. Re1 Qd2 43. Kf1 Rc8 44. Rxc8 Bxc8 45. Qb1+ Kg8 46. Re2 Qc3 47. Qg6+ Bg7 48. Qxg5 Qa3 49. Kg1 Bd7 50. f5 Rf7 51. f6 Qxa4 52. fxg7 Qxb5 53. Rb2 Qc6 54. Qxh5 Rxg7 55. Rb8+ Bc8 56. Bxg7 Qc1+ 57. Qd1 1-0

[Event "TUR-chT 2nd League"]
[Site "Konya"]
[Date "2018.07.17"]
[Round "3.5"]
[White "Aydin, Mert Dogan"]
[Black "Canbulan, Arda"]
[Result "0-1"]
[WhiteElo "1719"]
[BlackElo "1807"]
[PlyCount "90"]
[EventDate "2018.07.16"]
[EventType "team-swiss"]
[EventRounds "9"]
[EventCountry "TUR"]
[SourceTitle "EXT 2019"]
[Source "ChessBase"]
[SourceDate "2018.10.10"]
[SourceVersion "1"]
[SourceVersionDate "2018.10.10"]
[SourceQuality "1"]
[WhiteTeam "Hayat Genclik"]
[BlackTeam "Yalova Belediye"]
[WhiteTeamCountry "TUR"]
[BlackTeamCountry "TUR"]

1. e4 e5 2. Nf3 Nc6 3. Bc4 Nf6 4. d3 Be7 5. 0-0 0-0 6. Re1 d6 7. c3 Na5 8. Bb5 a6 9. Ba4 b5 10. Bc2 c5 11. h3 Re8 12. d4 Qc7 13. Nbd2 Bf8 14. Nf1 g6 15. d5 Bg7 16. Ng3 Bd7 17. b3 c4 18. Be3 Rec8 19. Bd2 Rab8 20. b4 Nb7 21. a4 bxa4 22. Bxa4 a5 23. bxa5 Nxa5 24. Bc2 Nb3 25. Ra3 Qc5 26. Bc1 Nxc1 27. Qxc1 Ra8 28. Rxa8 Rxa8 29. Qb2 Qa3 30. Rb1 Qxb2 31. Rxb2 Ra1+ 32. Kh2 Ra3 33. Ne2 Bh6 34. Bb1 Ba4 35. g4 Nd7 36. g5 Bf8 37. Nd2 Bb3 38. Nc1 Nc5 39. Ncxb3 cxb3 40. Nc4 Ra7 41. Kg3 Rb7 42. Na5 Rb5 43. Nc6 Na4 44. Rd2 Nxc3 45. Bd3 b2 0-1

[Event "TUR Cup										"]
[Site "Antalya"]
[Date "2018.01.31"]
[Round "7"]
[White "Saglam, Emrah Sitki"]
[Black "Canbulan, Arda"]
[Result "1/2-1/2"]
[WhiteElo "1590"]
[BlackElo "1808"]
[PlyCount "124"]
[EventDate "2018.01.27"]
[EventType "swiss"]
[EventRounds "11"]
[EventCountry "TUR"]
[SourceTitle "CBM 182 Extra"]
[Source "ChessBase"]
[SourceDate "2018.02.23"]
[SourceVersion "1"]
[SourceVersionDate "2018.02.23"]
[SourceQuality "1"]

1. e4 c5 2. Nc3 d6 3. Bb5+ Bd7 4. Bxd7+ Qxd7 5. Nf3 Nf6 6. 0-0 Nc6 7. d3 g6 8. h3 Bg7 9. Bg5 0-0 10. Qd2 Rfe8 11. Bh6 Bh8 12. Nh2 d5 13. exd5 Nxd5 14. Ne4 b6 15. Rab1 f5 16. Ng5 e5 17. Rfe1 Nd4 18. a3 Rad8 19. Nhf3 Qd6 20. Nxd4 cxd4 21. Rbc1 Qc6 22. Qd1 Nf4 23. Qf3 Qxf3 24. Nxf3 Nd5 25. c4 dxc3 26. bxc3 e4 27. dxe4 fxe4 28. Ng5 Nxc3 29. Re3 Rd3 30. Kf1 Red8 31. Ree1 Rd1 32. Rcxd1 Rxd1 33. Rxd1 Nxd1 34. Nxe4 Bb2 35. a4 Nc3 36. Nxc3 Bxc3 37. Ke2 Kf7 38. Be3 Ke6 39. Kd3 Ba5 40. Kc4 a6 41. g4 Ke5 42. f3 Kd6 43. Bf4+ Kc6 44. Bh6 b5+ 45. axb5+ axb5+ 46. Kd3 Kd5 47. Bg7 Bc7 48. Bc3 Bd6 49. Bd2 b4 50. f4 b3 51. Bc1 Bb4 52. Bb2 Bc5 53. f5 gxf5 54. gxf5 Bd6 55. f6 Ke6 56. Kc4 Bg3 57. Kxb3 Bh4 58. Kc2 Bxf6 59. Bc1 Kf5 60. Kd3 Bg5 61. Be3 h5 62. Ke2 Ke5 1/2-1/2

[Event "TUR Cup										"]
[Site "Antalya"]
[Date "2018.01.29"]
[Round "4"]
[White "Canbulan, Arda"]
[Black "Bolukdemir, Mert"]
[Result "1/2-1/2"]
[WhiteElo "1808"]
[BlackElo "1589"]
[PlyCount "54"]
[EventDate "2018.01.27"]
[EventType "swiss"]
[EventRounds "11"]
[EventCountry "TUR"]
[SourceTitle "CBM 182 Extra"]
[Source "ChessBase"]
[SourceDate "2018.02.23"]
[SourceVersion "1"]
[SourceVersionDate "2018.02.23"]
[SourceQuality "1"]

1. e4 g6 2. d4 Bg7 3. f4 d6 4. Nf3 Bg4 5. Be2 Nd7 6. 0-0 e5 7. fxe5 dxe5 8. Ng5 Bxe2 9. Qxe2 Ngf6 10. dxe5 Nxe5 11. Qb5+ Nc6 12. c3 0-0 13. e5 a6 14. Qe2 Qe7 15. e6 Rae8 16. exf7+ Rxf7 17. Qc4 Ne5 18. Qb3 Qc5+ 19. Kh1 Ree7 20. Nxf7 Nxf7 21. Qc2 Qh5 22. Bf4 Re2 23. Nd2 Qg4 24. Bg3 Ne4 25. Qb3 Nxg3+ 26. hxg3 Qh5+ 27. Kg1 Qc5+ 1/2-1/2

[Event "TUR-chT 1st League"]
[Site "Konya"]
[Date "2017.07.23"]
[Round "9.9"]
[White "Ozturk, Yavuz"]
[Black "Canbulan, Arda"]
[Result "1/2-1/2"]
[WhiteElo "1699"]
[BlackElo "1821"]
[PlyCount "67"]
[EventDate "2017.07.17"]
[EventType "team-swiss"]
[EventRounds "9"]
[EventCountry "TUR"]
[SourceTitle "EXT 2018"]
[Source "ChessBase"]
[SourceDate "2017.10.13"]
[SourceVersion "1"]
[SourceVersionDate "2017.10.13"]
[SourceQuality "1"]
[WhiteTeam "Kahramanmaras CC"]
[BlackTeam "Yalova Belediye"]
[WhiteTeamCountry "TUR"]
[BlackTeamCountry "TUR"]

1. e4 e5 2. Nf3 Nc6 3. Bb5 f5 4. Nc3 fxe4 5. Nxe4 d5 6. Nxe5 dxe4 7. Nxc6 Qg5 8. Qe2 Nf6 9. f4 Qxf4 10. d4 Qd6 11. Ne5+ c6 12. Bc4 Be6 13. Bf4 Bxc4 14. Qxc4 Qb4+ 15. c3 Qxc4 16. Nxc4 c5 17. 0-0-0 cxd4 18. Rxd4 Bc5 19. Nd6+ Ke7 20. Rdd1 Bxd6 21. Bxd6+ Ke6 22. Bc5 Rhd8 23. Bd4 Rd5 24. Rde1 Rad8 25. Bxf6 Kxf6 26. Rxe4 Rd2 27. Rf1+ Kg5 28. Re8 R8d6 29. Re5+ Kg4 30. Re4+ Kg5 31. Re5+ Kg4 32. Re4+ Kg5 33. Re5+ Kg4 34. Re4+ 1/2-1/2

[Event "TUR-chT 1st League"]
[Site "Konya"]
[Date "2017.07.18"]
[Round "3.12"]
[White "Canbulan, Arda"]
[Black "Yalcin, Ozgun"]
[Result "0-1"]
[WhiteElo "1821"]
[BlackElo "1880"]
[PlyCount "82"]
[EventDate "2017.07.17"]
[EventType "team-swiss"]
[EventRounds "9"]
[EventCountry "TUR"]
[SourceTitle "CBM 179 Extra"]
[Source "ChessBase"]
[SourceDate "2017.08.23"]
[SourceVersion "1"]
[SourceVersionDate "2017.08.23"]
[SourceQuality "1"]
[WhiteTeam "Yalova Belediye"]
[BlackTeam "Hatay Samandag"]
[WhiteTeamCountry "TUR"]
[BlackTeamCountry "TUR"]

1. e4 e5 2. Nf3 Nc6 3. d4 exd4 4. Nxd4 Nf6 5. Nxc6 bxc6 6. e5 Qe7 7. Qe2 Nd5 8. c4 Nb6 9. b3 a5 10. Ba3 Qh4 11. Bxf8 Rxf8 12. Nc3 a4 13. Rd1 Qe7 14. g3 axb3 15. axb3 Qb4 16. Qc2 Ra3 17. Rb1 Ba6 18. Kd2 f6 19. f4 fxe5 20. Bd3 Kd8 21. Bxh7 Bxc4 22. bxc4 Nxc4+ 23. Ke2 Qxc3 24. Qxc3 Rxc3 25. Rb8+ Ke7 26. Rxf8 Kxf8 27. Bd3 e4 28. Bxc4 Rxc4 29. Ke3 d5 30. f5 Kf7 31. Kf4 Kf6 32. h3 Rc3 33. Ra1 Rf3+ 34. Kg4 Ke5 35. Ra8 Kd6 36. h4 d4 37. h5 d3 38. Kg5 d2 39. Ra1 e3 40. h6 gxh6+ 41. Kg6 Rxg3+ 0-1

[Event "TUR Cup"]
[Site "Antalya"]
[Date "2017.01.30"]
[Round "4"]
[White "Nardemir, Ismail Berat"]
[Black "Canbulan, Arda"]
[Result "0-1"]
[WhiteElo "1559"]
[BlackElo "1889"]
[PlyCount "30"]
[EventDate "2017.01.28"]
[EventType "swiss"]
[EventRounds "11"]
[EventCountry "TUR"]
[SourceTitle "CBM 176 Extra"]
[Source "ChessBase"]
[SourceDate "2017.03.02"]
[SourceVersion "1"]
[SourceVersionDate "2017.03.02"]
[SourceQuality "1"]

1. d4 Nf6 2. c4 e5 3. d5 Bc5 4. Bg5 Bxf2+ 5. Kxf2 Ng4+ 6. Ke1 Qxg5 7. Nh3 Qf5 8. Nc3 Ne3 9. Qc1 Nc2+ 10. Kd2 Nxa1 11. Qxa1 d6 12. e4 Qf6 13. Be2 Bxh3 14. gxh3 Qh6+ 15. Kc2 Qxh3 0-1

[Event "TUR Cup"]
[Site "Antalya"]
[Date "2017.01.29"]
[Round "2"]
[White "Can, Furkan"]
[Black "Canbulan, Arda"]
[Result "1-0"]
[WhiteElo "1673"]
[BlackElo "1889"]
[PlyCount "74"]
[EventDate "2017.01.28"]
[EventType "swiss"]
[EventRounds "11"]
[EventCountry "TUR"]
[SourceTitle "CBM 176 Extra"]
[Source "ChessBase"]
[SourceDate "2017.03.02"]
[SourceVersion "1"]
[SourceVersionDate "2017.03.02"]
[SourceQuality "1"]

1. d4 Nf6 2. c4 c5 3. e3 g6 4. Nf3 Bg7 5. Nc3 0-0 6. d5 d6 7. Be2 Bg4 8. 0-0 Nbd7 9. e4 Nb6 10. Qb3 Nfd7 11. a4 Ne5 12. Nxe5 Bxe2 13. Nxe2 Bxe5 14. Bf4 Bg7 15. Bd2 Nd7 16. Bc3 Qb6 17. Qc2 Bxc3 18. Qxc3 Qb4 19. Ra3 Nb6 20. Rc1 f5 21. Nf4 Qxc3 22. Rcxc3 fxe4 23. Ne6 Rf5 24. a5 Nd7 25. Re3 Nf6 26. h3 Re5 27. Rab3 a6 28. Rb6 Nd7 29. Rbb3 Nf8 30. Nc7 Nd7 31. Ne6 Kf7 32. g4 g5 33. Rxe4 Rxe4 34. Nxg5+ Kf6 35. Nxe4+ Ke5 36. Nd2 Kd4 37. Kf1 Nf6 1-0

[Event "TUR Cup"]
[Site "Antalya"]
[Date "2017.01.29"]
[Round "3"]
[White "Canbulan, Arda"]
[Black "Ozturk, Fatih"]
[Result "0-1"]
[WhiteElo "1889"]
[BlackElo "1689"]
[PlyCount "57"]
[EventDate "2017.01.28"]
[EventType "swiss"]
[EventRounds "11"]
[EventCountry "TUR"]
[SourceTitle "CBM 176 Extra"]
[Source "ChessBase"]
[SourceDate "2017.03.02"]
[SourceVersion "1"]
[SourceVersionDate "2017.03.02"]
[SourceQuality "1"]

1. e4 c5 2. Nc3 e6 3. g3 Nc6 4. Bg2 Nf6 5. Nge2 a6 6. f4 d5 7. e5 Nd7 8. d3 b5 9. 0-0 Bb7 10. f5 Ndxe5 11. fxe6 fxe6 12. Nf4 Qd6 13. Bh3 Bc8 14. Nh5 Bd7 15. a4 b4 16. Ne2 0-0-0 17. d4 cxd4 18. Nxd4 Nxd4 19. Qxd4 Nc6 20. Qd3 Kb7 21. Re1 e5 22. Bf1 Nd4 23. Rxe5 Nf3+ 24. Qxf3 Qxe5 25. Nf4 Bc5+ 26. Kg2 Qe4 27. Nd3 Bh3+ 28. Kxh3 Qxf3 29. Nxc5+ 0-1

[Event "TUR Cup"]
[Site "Antalya"]
[Date "2017.01.28"]
[Round "1"]
[White "Canbulan, Arda"]
[Black "Karaaslan, Murat"]
[Result "1-0"]
[WhiteElo "1889"]
[BlackElo "1492"]
[PlyCount "74"]
[EventDate "2017.01.28"]
[EventType "swiss"]
[EventRounds "11"]
[EventCountry "TUR"]
[SourceTitle "CBM 176 Extra"]
[Source "ChessBase"]
[SourceDate "2017.03.02"]
[SourceVersion "1"]
[SourceVersionDate "2017.03.02"]
[SourceQuality "1"]

1. e4 e5 2. Nf3 Nc6 3. d4 exd4 4. Bc4 Nf6 5. 0-0 d6 6. Nxd4 Be7 7. Nc3 0-0 8. Re1 Ne5 9. Be2 c5 10. Nf3 Ng6 11. h3 Be6 12. Ng5 Bd7 13. f4 a6 14. a4 h6 15. Nf3 Bc6 16. Bd3 Re8 17. e5 dxe5 18. Bxg6 fxg6 19. Nxe5 Qc7 20. Qd3 Bd6 21. Qxg6 Re7 22. Bd2 Be8 23. Qf5 c4 24. Ne4 Nxe4 25. Qxe4 Bxe5 26. fxe5 Qc5+ 27. Kh2 Bc6 28. Qg4 Rf8 29. Bf4 Qf2 30. Rf1 Qxc2 31. Bxh6 Qxb2 32. Rxf8+ Kxf8 33. Rf1+ Kg8 34. Bf4 c3 35. Bc1 Qa2 36. Qg5 Qe2 37. Rf4 Be4 1-0

[Event "Izmir op 12th"]
[Site "Izmir"]
[Date "2013.09.06"]
[Round "7"]
[White "Lorparizangeneh, Shahin"]
[Black "Canbulan, Arda"]
[Result "1-0"]
[WhiteElo "2234"]
[BlackElo "1868"]
[PlyCount "41"]
[EventDate "2013.09.01"]
[EventType "swiss"]
[EventRounds "9"]
[EventCountry "TUR"]
[SourceTitle "CBM 156 Extra"]
[Source "ChessBase"]
[SourceDate "2013.10.22"]
[SourceVersion "1"]
[SourceVersionDate "2013.10.22"]
[SourceQuality "1"]

1. d4 Nf6 2. c4 e5 3. dxe5 Ng4 4. Bf4 Bb4+ 5. Nd2 d6 6. Ngf3 dxe5 7. Bg3 e4 8. a3 Bxd2+ 9. Nxd2 e3 10. fxe3 Nxe3 11. Qb3 Qe7 12. Bf4 Nxf1 13. Nxf1 Nc6 14. Ne3 0-0 15. Nd5 Qe4 16. Qd3 Bf5 17. Qxe4 Bxe4 18. Nxc7 Rad8 19. 0-0 Nd4 20. Rf2 Ne6 21. Nxe6 1-0